| 000 | 01431nam#a2200373#a#4500 | ||
|---|---|---|---|
| 001 | vtls000403361 | ||
| 003 | NLI | ||
| 005 | 20210603105102.0 | ||
| 008 | 110210s1976 ii 001 0 eng | ||
| 020 | _cRs. 25.00 | ||
| 039 | 9 |
_y201102102132 _zEntertech_02 |
|
| 040 |
_aNLI _beng _cEntertech-2011 _eAACR2 |
||
| 041 | 0 | _aeng | |
| 044 | _aii | ||
| 082 | 0 | 4 | _a336.230954 |
| 100 | 1 |
_aBhattacharya, Sukumar _d1923-2005 _9356175 |
|
| 245 | 1 | 0 |
_aLaw and practice of wealth-tax, gift-tax and companies (profits) surtax / _cSukumar Bhattachrya |
| 250 | _a3rd ed. | ||
| 260 |
_aCalcutta : _bNababharat Publishers, _c1976 |
||
| 300 |
_axiii, 349 p. ; _c25 cm. |
||
| 500 | _aWith full text of the acts, rules and forms as amended upto July, 1976 | ||
| 500 | _aIncludes index | ||
| 650 | 0 |
_aWealth tax _xLaw and legislation _zIndia _9350485 |
|
| 650 | 0 |
_aGifts _xTaxation _xLaw and legislation _zIndia _9468988 |
|
| 650 | 0 |
_aCorporations _xTaxation _xLaw and legislation _zIndia _9354290 |
|
| 710 | 2 |
_aIndia (Republic). _kLaws, statutes, etc. _tWealth-tax act, 1957. 1969 _9468989 |
|
| 710 | 2 |
_aIndia. _tGift-tax Act, 1958. _f1969 _9468990 |
|
| 710 | 2 |
_aIndia (Republic). _kLaws, statutes, etc. _tCompanies (profits) surtax act, 1964. 1969 _9468991 |
|
| 887 | _a | ||
| 901 |
_aDB31153 _b18.12.1976 |
||
| 902 | _aE/O 336.230954 B 469(4) | ||
| 942 |
_2ddc _cBKS |
||
| 949 |
_AVIRTUAITEM _D10000 _X100 _6DBA000031153ENG |
||
| 999 |
_aVIRTUA _c362012 _d362012 |
||